Najgorsze Drużyny w Eliminacjach Mundiali (Azja) - Statystyki

Ogólne statystyki
  • Ten quiz został rozwiązany 27 razy
  • Średni wynik to 8 z 14
Statystyki odpowiedzi
Bilans Bramki Odpowiedź % Poprawnych
2006 0-0-2 0:13 Afganistan | Mongolia
93%
1982 0-0-4 2:7 Syria
74%
2010 0-0-2 0:11 Birma | Chińskie Tajpej
67%
1998 0-0-6 0:59 Malediwy
67%
2022 0-0-2 2:12 Timor Wschodni
67%
2018 0-0-2 0:6 Timor Wschodni
67%
2026 0-0-2 0:12 Brunei
63%
1990 0-0-6 0:28 Nepal
63%
1974 0-0-3 0:12 Tajlandia
63%
1978 0-0-4 1:17 Tajwan
63%
2014 0-0-2 1:13 Makau
37%
1994 0-0-6 1:46 Makau
37%
2002 0-0-2 0:35 Guam
26%
1986 0-0-4 1:12 Jemen Północny
0%
Nie znaleziono quizów pasujących do podanych kryteriów
Rozkład punktacji
Procent ludzi z każdym wynikiem
Percentyl według liczby udzielonych odpowiedzi
Twoja historia wyników
Nie rozwiązałeś tego quizu